Capitales ayant une lettre séparant des doubles lettres - Statistiques

Statistiques générales
  • Ce quiz a été pris 16 fois
  • Le résultat moyen est 22 sur 58
Statistiques - réponses
Capitales % Correct
Bamako
73%
Dakar
73%
Panama
73%
Rabat
73%
Brasilia
64%
Kinshasa
64%
Ottawa
64%
Bogota
55%
Jakarta
55%
Addis-Abeba
45%
Astana
45%
Athènes
45%
Caracas
45%
Damas
45%
Guatemala
45%
La Havane
45%
Managua
45%
Ouagadougou
45%
Tbilissi
45%
Téhéran
45%
Tirana
45%
Ankara
36%
Asmara
36%
Bagdad
36%
Bangkok
36%
Ciudad de La Paz
36%
Dili
36%
Erevan
36%
Harare
36%
Islamabad
36%
Kampala
36%
Kuala Lumpur
36%
Manama
36%
Paramaribo
36%
Porto-Novo
36%
Praia
36%
Andorre-la-Vieille
27%
Bandar Seri Begawan
27%
Bichkek
27%
Chisinau
27%
Dodoma
27%
Honiara
27%
La Paz
27%
Lusaka
27%
Nuku'Alofa
27%
Sarajevo
27%
Sri Jayawardenapura Kotte
27%
Tarawa-Sud
27%
Achgabat
18%
Bratislava
18%
Gaborone
18%
Lilongwe
18%
Ljubljana
18%
Mbabane
18%
Moroni
18%
Naypyidaw
18%
Palikir
18%
Sanaa
18%
Aucun quiz correspondant
Distribution des résultats
% des personnes avec chaque résultat
Percentile par nombre de réponses
Votre historique - résultats
Vous n’avez pas pris ce quiz